000 00608nam a22001937a 4500
005 20241017062519.0
999 _c11263
_d11263
008 181024b ||||| |||| 00| 0 eng d
020 _a978-1-4987-7742-1
082 _22017
_aDC 519.420
_bEs29
100 _aEsfandiari, Ramin S.
_932434
245 _aNumerical methods for engineers and scientists /
_cRamin S. Esfandiari
250 _aSecond Edition
260 _aBoca Raton:
_bCRC Press,
_c©2017.
300 _axxi, 471 pages:
_billustrations;
_c25 cm.
500 _aIncludes index.
650 0 _aNumerical analysis.
_914764
365 _b12,995.00
_cPhp.
942 _2ddc
_cDC